[Event "Manizales Feria op 29th"]
[Site "Manizales"]
[Date "2024.01.07"]
[Round "4"]
[White "Lopez, Ricardo Andres"]
[Black "Molina, Gildardo"]
[Result "1/2-1/2"]
[WhiteElo "1700"]
[BlackElo "1908"]
[PlyCount "103"]
[EventDate "2024.01.05"]
[EventType "swiss"]
[EventRounds "7"]
[EventCountry "COL"]
[SourceTitle "CB02_2024"]
[SourceDate "2024.01.10"]
[SourceVersion "1"]
[SourceVersionDate "2024.01.10"]
[SourceQuality "1"]

1. e4 c5 2. d4 cxd4 3. c3 dxc3 4. Nxc3 Nc6 5. Nf3 d6 6. Bc4 e6 7. 0-0 Be7 8. Qe2 Nf6 9. Rd1 Qc7 10. Bf4 a6 11. Rac1 0-0 12. e5 dxe5 13. Nxe5 Nxe5 14. Bxe5 Qa5 15. a3 b5 16. Qf3 Ra7 17. Bd3 Rd7 18. Ne4 Nxe4 19. Bxe4 Rxd1+ 20. Qxd1 Rd8 21. Qc2 Qa4 22. Bxh7+ Kh8 23. Qxa4 bxa4 24. Be4 Bd7 25. Bc7 Re8 26. f4 Bb5 27. Kf2 Kg8 28. Ke3 Bf6 29. Rc2 g6 30. Be5 Bxe5 31. fxe5 Kg7 32. Kd4 Rd8+ 33. Kc5 Rd1 34. Bf3 Re1 35. Kd6 Re3 36. Rc3 Re1 37. h3 Rf1 38. Rc2 Re1 39. Bc6 Re3 40. Bxb5 axb5 41. Rf2 Kf8 42. Rd2 Ke8 43. h4 Re4 44. g3 b4 45. axb4 Rxb4 46. Re2 Rb3 47. Re4 Rxb2 48. Rxa4 Rd2+ 49. Kc6 Rd5 50. Re4 Kf8 51. g4 Kg7 52. g5 1/2-1/2

[Event "Manizales Feria op 29th"]
[Site "Manizales"]
[Date "2024.01.07"]
[Round "5"]
[White "Molina, Gildardo"]
[Black "Zuluaga Alzate, Gustavo"]
[Result "1-0"]
[WhiteElo "1908"]
[BlackElo "1578"]
[PlyCount "75"]
[EventDate "2024.01.05"]
[EventType "swiss"]
[EventRounds "7"]
[EventCountry "COL"]
[SourceTitle "CB02_2024"]
[SourceDate "2024.01.10"]
[SourceVersion "1"]
[SourceVersionDate "2024.01.10"]
[SourceQuality "1"]

1. e4 e5 2. Nc3 Nf6 3. f4 d6 4. Nf3 Nc6 5. Bc4 Be6 6. Bb3 Bxb3 7. axb3 Be7 8. d3 0-0 9. 0-0 Re8 10. h3 Qd7 11. Be3 a6 12. Qd2 Rad8 13. Rae1 h6 14. Nd5 exf4 15. Nxe7+ Nxe7 16. Bxf4 Ng6 17. Bxh6 gxh6 18. Qxh6 Nh7 19. Nd4 Qe7 20. Nf5 Qf8 21. Qh5 Rd7 22. Rf3 Re6 23. Ref1 Nf6 24. Qg5 Nh7 25. Nh6+ Kg7 26. Qd2 Rf6 27. Nf5+ Kh8 28. Qc3 Ne5 29. Rf4 Ng6 30. Rg4 Ne5 31. Rh4 c5 32. Rff4 b5 33. Rh5 b4 34. Qe1 Ng6 35. Rfh4 Kg8 36. Rxh7 Rxf5 37. exf5 Nxh4 38. Qxh4 1-0

[Event "Manizales Feria op 29th"]
[Site "Manizales"]
[Date "2024.01.05"]
[Round "1"]
[White "Molina, Gildardo"]
[Black "De Leon Villarreal, Gabriela"]
[Result "1-0"]
[WhiteElo "1908"]
[BlackElo "1275"]
[PlyCount "41"]
[EventDate "2024.01.05"]
[EventType "swiss"]
[EventRounds "7"]
[EventCountry "COL"]
[SourceTitle "CB02_2024"]
[SourceDate "2024.01.10"]
[SourceVersion "1"]
[SourceVersionDate "2024.01.10"]
[SourceQuality "1"]

1. e4 c5 2. Nf3 e6 3. d4 cxd4 4. Nxd4 a6 5. c4 Qc7 6. Nc3 Nc6 7. Be3 Nf6 8. Nxc6 bxc6 9. Bd3 Be7 10. 0-0 d5 11. cxd5 exd5 12. exd5 cxd5 13. Be2 Be6 14. Rc1 Qb7 15. Bd4 0-0 16. Bf3 Rfd8 17. Re1 Qd7 18. Na4 Rac8 19. Nb6 Rxc1 20. Qxc1 Qa7 21. Nxd5 1-0

[Event "Pereira Fiestas de la Cosecha op"]
[Site "Pereira"]
[Date "2023.08.25"]
[Round "3"]
[White "Molina, Gildardo"]
[Black "Espinel Forero, Aura Maria"]
[Result "1-0"]
[WhiteElo "1903"]
[BlackElo "1506"]
[PlyCount "41"]
[EventDate "2023.08.24"]
[EventType "swiss"]
[EventRounds "7"]
[EventCountry "COL"]
[SourceTitle "EXT 2024"]
[Source "ChessBase"]
[SourceDate "2023.10.10"]
[SourceVersion "1"]
[SourceVersionDate "2023.10.10"]
[SourceQuality "1"]

1. e4 c5 2. Nf3 e6 3. d4 cxd4 4. Nxd4 a6 5. c4 Qc7 6. Nc3 Nf6 7. Bd3 Nc6 8. Nxc6 dxc6 9. Be3 Bd6 10. h3 Qe7 11. 0-0 b5 12. Rc1 0-0 13. Qe2 e5 14. Rfd1 Bb7 15. Qf3 Nd7 16. Bf1 b4 17. Ne2 c5 18. Ng3 Qe6 19. Nf5 Be7 20. Rxd7 Qxd7 21. Qg4 1-0

[Event "Rivera Huila Hernandez Memorial-B"]
[Site "Rivera Huila"]
[Date "2023.07.23"]
[Round "6"]
[White "Castro Lombana, Juan Pablo"]
[Black "Molina, Gildardo"]
[Result "1-0"]
[WhiteElo "1489"]
[BlackElo "1939"]
[PlyCount "45"]
[EventDate "2023.07.20"]
[EventType "swiss"]
[EventRounds "7"]
[EventCountry "COL"]
[SourceTitle "CBM 215 Extra"]
[Source "ChessBase"]
[SourceDate "2023.09.30"]
[SourceVersion "1"]
[SourceVersionDate "2023.09.30"]
[SourceQuality "1"]

1. e4 e5 2. Nf3 Nc6 3. Nc3 Nf6 4. Bb5 Bc5 5. 0-0 d6 6. d4 exd4 7. Nxd4 Bd7 8. Nxc6 bxc6 9. Bc4 Qe7 10. Bg5 h6 11. Bxf6 Qxf6 12. e5 Qf4 13. b3 Bd4 14. Ne2 Qg5 15. Nxd4 d5 16. Bd3 0-0 17. f4 Qe7 18. Qf3 Rae8 19. Rfe1 c5 20. Nf5 Qe6 21. Qg3 g6 22. Nxh6+ Kg7 23. f5 1-0

[Event "Rivera Huila Hernandez Memorial-B"]
[Site "Rivera Huila"]
[Date "2023.07.22"]
[Round "5"]
[White "Molina, Gildardo"]
[Black "Gutierrez Pinzon, Sebastian"]
[Result "0-1"]
[WhiteElo "1939"]
[BlackElo "1463"]
[PlyCount "60"]
[EventDate "2023.07.20"]
[EventType "swiss"]
[EventRounds "7"]
[EventCountry "COL"]
[SourceTitle "CBM 215 Extra"]
[Source "ChessBase"]
[SourceDate "2023.09.30"]
[SourceVersion "1"]
[SourceVersionDate "2023.09.30"]
[SourceQuality "1"]

1. e4 c5 2. Nc3 d6 3. f4 g6 4. Nf3 Bg7 5. Bc4 Nc6 6. d3 Nf6 7. 0-0 0-0 8. Qe1 Na5 9. f5 Nxc4 10. dxc4 gxf5 11. Qh4 Nxe4 12. Nxe4 fxe4 13. Ng5 h6 14. Nxe4 f5 15. Bxh6 e5 16. Bg5 Qc7 17. Be7 Re8 18. Bxd6 Qd8 19. Qh5 fxe4 20. Qf7+ Kh8 21. Qh5+ Kg8 22. Rad1 Be6 23. Bxe5 Qe7 24. Bd6 Bf7 25. Qxc5 Qe6 26. Qe3 Qxc4 27. c3 Qxa2 28. Bc5 Qe6 29. Rd6 Qe5 30. Bd4 Qxd6 0-1

[Event "Rivera Huila Hernandez Memorial-B"]
[Site "Rivera Huila"]
[Date "2023.07.21"]
[Round "2"]
[White "Perez Valcarcel, Maria Jose"]
[Black "Molina, Gildardo"]
[Result "0-1"]
[WhiteElo "1534"]
[BlackElo "1939"]
[PlyCount "58"]
[EventDate "2023.07.20"]
[EventType "swiss"]
[EventRounds "7"]
[EventCountry "COL"]
[SourceTitle "CBM 215 Extra"]
[Source "ChessBase"]
[SourceDate "2023.09.30"]
[SourceVersion "1"]
[SourceVersionDate "2023.09.30"]
[SourceQuality "1"]

1. e4 e5 2. Nf3 Nc6 3. Bc4 Nf6 4. Ng5 d5 5. exd5 b5 6. Bf1 Nxd5 7. d3 Be7 8. Ne4 0-0 9. Be2 Be6 10. 0-0 f5 11. Ng3 Nd4 12. c3 Nxe2+ 13. Qxe2 Bd6 14. f4 e4 15. dxe4 fxe4 16. Qxe4 Qd7 17. f5 Bf7 18. Qg4 Nf6 19. Qf3 Bd5 20. Qd1 Bc5+ 21. Kh1 Qc6 22. Qc2 Bc4 23. Rf3 Rae8 24. Nd2 Bd5 25. Qd1 Ng4 26. h3 Nf2+ 27. Rxf2 Bxf2 28. Ndf1 Re1 29. Qd2 Bxg3 0-1

[Event "Manizales op 28th"]
[Site "Manizales"]
[Date "2023.01.09"]
[Round "8"]
[White "Molina, Gildardo"]
[Black "Espitia Martinez, Jhon"]
[Result "1-0"]
[WhiteElo "1939"]
[BlackElo "1240"]
[PlyCount "53"]
[EventDate "2023.01.05"]
[EventType "swiss"]
[EventRounds "8"]
[EventCountry "COL"]
[SourceTitle "CBM 212 Extra"]
[Source "ChessBase"]
[SourceDate "2023.03.31"]
[SourceVersion "1"]
[SourceVersionDate "2023.03.31"]
[SourceQuality "1"]

1. e4 d6 2. d4 Nf6 3. Nc3 g6 4. f3 Bg7 5. Be3 0-0 6. Qd2 e5 7. Nge2 a6 8. 0-0-0 b5 9. dxe5 Ne8 10. exd6 cxd6 11. Nd5 Nc6 12. Nd4 Bb7 13. Kb1 Rc8 14. Be2 Nf6 15. Nxc6 Rxc6 16. Bg5 h6 17. Bxh6 Nxd5 18. Bxg7 Kxg7 19. Qxd5 Qc7 20. Qd4+ Kg8 21. Rd2 Rd8 22. h4 Rc5 23. g4 d5 24. h5 g5 25. h6 Kf8 26. h7 Ke7 27. h8Q 1-0

[Event "Manizales op 28th"]
[Site "Manizales"]
[Date "2023.01.07"]
[Round "4"]
[White "Molina, Gildardo"]
[Black "Montoya, Duvan"]
[Result "1-0"]
[WhiteElo "1939"]
[BlackElo "1755"]
[PlyCount "53"]
[EventDate "2023.01.05"]
[EventType "swiss"]
[EventRounds "8"]
[EventCountry "COL"]
[SourceTitle "CBM 212 Extra"]
[Source "ChessBase"]
[SourceDate "2023.03.31"]
[SourceVersion "1"]
[SourceVersionDate "2023.03.31"]
[SourceQuality "1"]

1. e4 d6 2. d4 Nf6 3. Nc3 g6 4. f3 Bg7 5. Be3 Nc6 6. Qd2 e5 7. Nge2 exd4 8. Nxd4 Bd7 9. 0-0-0 a6 10. Kb1 Ne5 11. Be2 Qe7 12. Bg5 h6 13. Nd5 Qd8 14. Bh4 Be6 15. Rhe1 Bxd5 16. exd5 0-0 17. f4 Ned7 18. Bg4 Re8 19. Bh3 Rxe1 20. Rxe1 Qf8 21. Bxd7 Nxd7 22. Be7 Qc8 23. f5 Kh7 24. fxg6+ fxg6 25. Ne6 Nf8 26. Bxf8 Bxf8 27. Rf1 1-0

[Event "Manizales op 28th"]
[Site "Manizales"]
[Date "2023.01.06"]
[Round "2"]
[White "Molina, Gildardo"]
[Black "Gutierrez, Jhon Jaime"]
[Result "1-0"]
[WhiteElo "1939"]
[BlackElo "1720"]
[PlyCount "55"]
[EventDate "2023.01.05"]
[EventType "swiss"]
[EventRounds "8"]
[EventCountry "COL"]
[SourceTitle "CBM 212 Extra"]
[Source "ChessBase"]
[SourceDate "2023.03.31"]
[SourceVersion "1"]
[SourceVersionDate "2023.03.31"]
[SourceQuality "1"]

1. e4 e6 2. b3 c5 3. Bb2 Nf6 4. e5 Nd5 5. Nf3 Nc6 6. Nc3 Nxc3 7. Bxc3 Be7 8. Bd3 b6 9. Qe2 Bb7 10. h4 h6 11. 0-0-0 Qc7 12. Rhe1 a6 13. g4 b5 14. Kb1 Qb6 15. Ka1 Na7 16. Be4 a5 17. d4 a4 18. dxc5 Bxc5 19. g5 b4 20. Bd4 Nc6 21. Qd2 Nxd4 22. Nxd4 Bxe4 23. Rxe4 Ra7 24. gxh6 Rxh6 25. Nf3 g6 26. Ng5 Rh5 27. Qf4 d6 28. exd6 1-0

[Event "Manizales Las Americas op-B"]
[Site "Manizales"]
[Date "2021.10.17"]
[Round "7"]
[White "Molina, Gildardo"]
[Black "Castano, Julian Marcelo"]
[Result "0-1"]
[WhiteElo "1944"]
[BlackElo "1971"]
[PlyCount "72"]
[EventDate "2021.10.14"]
[EventType "swiss"]
[EventRounds "9"]
[EventCountry "COL"]
[SourceTitle "EXT 2023"]
[Source "ChessBase"]
[SourceDate "2022.10.05"]
[SourceVersion "1"]
[SourceVersionDate "2022.10.05"]
[SourceQuality "1"]

1. e4 e6 2. d4 d5 3. Nc3 Bb4 4. Bd3 dxe4 5. Bxe4 Nf6 6. Bg5 Be7 7. Bxf6 Bxf6 8. Nf3 c5 9. dxc5 Qa5 10. 0-0 Qxc5 11. Na4 Qb4 12. c4 0-0 13. Qb3 Qxb3 14. axb3 Na6 15. Rad1 Rb8 16. Nc3 Nc5 17. Bc2 Na6 18. Rfe1 Nb4 19. Be4 a6 20. g4 g6 21. g5 Bg7 22. h4 e5 23. Rd6 Re8 24. Nd5 Nxd5 25. Bxd5 Bg4 26. Kg2 Re7 27. Rb6 Bf5 28. Kg3 e4 29. Nd2 Bd4 30. Rb4 Bc5 31. Ra4 Rbe8 32. Nf1 e3 33. Nxe3 Bxe3 34. fxe3 Rxe3+ 35. Rxe3 Rxe3+ 36. Kf2 Rxb3 0-1

[Event "Manizales Las Americas op-B"]
[Site "Manizales"]
[Date "2021.10.15"]
[Round "2"]
[White "Molina, Gildardo"]
[Black "Diaz, Luisa Fernanda"]
[Result "1-0"]
[WhiteElo "1944"]
[BlackElo "1739"]
[PlyCount "65"]
[EventDate "2021.10.14"]
[EventType "swiss"]
[EventRounds "9"]
[EventCountry "COL"]
[SourceTitle "EXT 2023"]
[Source "ChessBase"]
[SourceDate "2022.10.05"]
[SourceVersion "1"]
[SourceVersionDate "2022.10.05"]
[SourceQuality "1"]

1. e4 d5 2. exd5 Qxd5 3. Nc3 Qd6 4. Nf3 Nf6 5. d4 a6 6. Bc4 g6 7. Ne5 Be6 8. Bxe6 Qxe6 9. 0-0 Nbd7 10. Re1 Nxe5 11. Rxe5 Qd7 12. Bg5 0-0-0 13. Qe2 h6 14. Be3 Bg7 15. Rd1 Rhe8 16. Ra5 Qd6 17. a3 h5 18. h3 Rh8 19. b4 Bh6 20. Bxh6 Rxh6 21. Re5 e6 22. Rd3 Nd7 23. Ne4 Qe7 24. Ra5 Rg8 25. d5 e5 26. d6 Qe8 27. Rc3 c6 28. Rxc6+ Kd8 29. Raxa6 Nb8 30. Nf6 Qxc6 31. Rxc6 Nxc6 32. Qb5 g5 33. Qb6+ 1-0

[Event "Manizales Las Americas op-B"]
[Site "Manizales"]
[Date "2021.10.15"]
[Round "3"]
[White "Tobar Beltran, Jorge Esteban"]
[Black "Molina, Gildardo"]
[Result "1-0"]
[WhiteElo "1877"]
[BlackElo "1944"]
[PlyCount "75"]
[EventDate "2021.10.14"]
[EventType "swiss"]
[EventRounds "9"]
[EventCountry "COL"]
[SourceTitle "EXT 2023"]
[Source "ChessBase"]
[SourceDate "2022.10.05"]
[SourceVersion "1"]
[SourceVersionDate "2022.10.05"]
[SourceQuality "1"]

1. d4 Nf6 2. Bg5 c5 3. d5 d6 4. Nc3 Nbd7 5. e4 g6 6. f4 Bg7 7. Nf3 0-0 8. Be2 Rb8 9. a4 b6 10. 0-0 h6 11. Bh4 a6 12. Re1 Qc7 13. Bc4 Re8 14. e5 dxe5 15. fxe5 Ng4 16. d6 exd6 17. exd6 Rxe1+ 18. Nxe1 Qa7 19. Qxg4 Ne5 20. Qe2 Bg4 21. Nf3 Re8 22. Qf1 Bxf3 23. gxf3 Qd7 24. Ne4 Qf5 25. Kg2 g5 26. Bg3 g4 27. Bxe5 Bxe5 28. Bd3 Qf4 29. Ng3 c4 30. Be4 h5 31. fxg4 Qd2+ 32. Qe2 Qxe2+ 33. Nxe2 Bxb2 34. d7 Rd8 35. Rd1 hxg4 36. Bb7 a5 37. Bc8 f5 38. Rd5 1-0

[Event "Pereira Easter op"]
[Site "Pereira"]
[Date "2021.04.04"]
[Round "7"]
[White "Molina, Gildardo"]
[Black "Arias Arias, Yeison"]
[Result "0-1"]
[WhiteElo "1998"]
[BlackElo "1623"]
[PlyCount "28"]
[EventDate "2021.04.01"]
[EventType "swiss"]
[EventRounds "7"]
[EventCountry "COL"]
[SourceTitle "EXT 2022"]
[Source "ChessBase"]
[SourceDate "2021.10.06"]
[SourceVersion "1"]
[SourceVersionDate "2021.10.06"]
[SourceQuality "1"]

1. e4 c5 2. d4 cxd4 3. c3 dxc3 4. Nxc3 e6 5. Nf3 d6 6. Bc4 Nc6 7. 0-0 g6 8. Qe2 a6 9. e5 d5 10. Rd1 Bg7 11. Ne4 Nxe5 12. Bg5 Nxf3+ 13. Qxf3 f6 14. Bh4 g5 0-1

[Event "Online Olym Disabilities"]
[Site "Tornelo INT"]
[Date "2020.11.25"]
[Round "5.12"]
[White "Marimuthu, K."]
[Black "Molina, Gildardo"]
[Result "0-1"]
[WhiteElo "1588"]
[BlackElo "1998"]
[PlyCount "82"]
[EventDate "2020.11.21"]
[EventType "team-swiss (rapid)"]
[EventRounds "7"]
[EventCountry "NET"]
[SourceTitle "CBM 199 Extra"]
[Source "ChessBase"]
[SourceDate "2021.01.31"]
[SourceVersion "1"]
[SourceVersionDate "2021.01.31"]
[SourceQuality "1"]
[WhiteTeam "India IV"]
[BlackTeam "Colombia"]
[WhiteTeamCountry "IND"]
[BlackTeamCountry "COL"]

1. d4 d5 2. c4 e6 3. Nc3 Nf6 4. cxd5 exd5 5. Bg5 Be7 6. e3 0-0 7. Bd3 Nbd7 8. Qc2 h6 9. Bh4 c5 10. Nge2 c4 11. Bf5 Re8 12. 0-0 Nf8 13. Rad1 Ne4 14. Bxe7 Rxe7 15. Bxc8 Rxc8 16. Ng3 Nxg3 17. hxg3 Qd7 18. Rfe1 b5 19. a3 a5 20. a4 b4 21. Nb5 Nh7 22. e4 dxe4 23. Rxe4 Rxe4 24. Qxe4 Nf6 25. Qc2 Nd5 26. Re1 c3 27. Re5 b3 28. Qc1 c2 29. Kh2 Nb4 30. Qe3 c1Q 31. Qe4 Qc2 32. Qe3 Qxb2 33. Re7 Qf5 34. g4 Qfxf2 35. Re8+ Rxe8 36. Qxe8+ Kh7 37. Qe4+ g6 38. g5 Qbd2 39. d5 Qxg5 40. d6 Qh5+ 41. Qh4 Qhxh4# 0-1

[Event "Online Olym Disabilities"]
[Site "Tornelo INT"]
[Date "2020.11.24"]
[Round "4.6"]
[White "Molina, Gildardo"]
[Black "Nguyen, Van Quan"]
[Result "1/2-1/2"]
[WhiteElo "1998"]
[BlackElo "1783"]
[PlyCount "118"]
[EventDate "2020.11.21"]
[EventType "team-swiss (rapid)"]
[EventRounds "7"]
[EventCountry "NET"]
[SourceTitle "CBM 199 Extra"]
[Source "ChessBase"]
[SourceDate "2021.01.31"]
[SourceVersion "1"]
[SourceVersionDate "2021.01.31"]
[SourceQuality "1"]
[WhiteTeam "Colombia"]
[BlackTeam "Vietnam"]
[WhiteTeamCountry "COL"]
[BlackTeamCountry "VIE"]

1. e4 e5 2. Nf3 Nc6 3. d4 exd4 4. Bc4 Nf6 5. e5 d5 6. Bb5 Ne4 7. Nxd4 Bd7 8. Bxc6 bxc6 9. 0-0 Be7 10. f3 Nc5 11. f4 Ne4 12. Nd2 Nxd2 13. Bxd2 c5 14. Nf3 0-0 15. h3 a5 16. a4 d4 17. Qe2 Bf5 18. Ne1 Qd5 19. c4 Qe4 20. Qxe4 Bxe4 21. Ra3 Rfb8 22. Bc1 Rb4 23. b3 Rab8 24. Bd2 Rxb3 25. Rxb3 Rxb3 26. Bxa5 Ra3 27. Bxc7 Rxa4 28. f5 Rxc4 29. f6 gxf6 30. exf6 Bf8 31. Rf4 Bg6 32. Rg4 h5 33. Rg5 Rc1 34. Kf2 Bh6 35. Rd5 Be3+ 36. Ke2 Be4 37. Rxh5 Bg6 38. Rd5 c4 39. Bb6 d3+ 40. Nxd3 cxd3+ 41. Kxe3 Re1+ 42. Kf2 Re2+ 43. Kf1 Rb2 44. Be3 Be4 45. Rd6 Bxg2+ 46. Kg1 Be4 47. h4 Kh7 48. h5 Rg2+ 49. Kf1 Rh2 50. Rd7 Rxh5 51. Rxf7+ Kg8 52. Re7 Bg6 53. Ke1 Bf7 54. Rd7 Rf5 55. Bd4 Rd5 56. Rxd5 Bxd5 57. Kd2 Be4 58. Bc3 Kf7 59. Ke3 Bg6 1/2-1/2

[Event "Online Olym Disabilities"]
[Site "Tornelo INT"]
[Date "2020.11.22"]
[Round "2.6"]
[White "Molina, Gildardo"]
[Black "Tuka, Oleg"]
[Result "1-0"]
[WhiteElo "1998"]
[BlackElo "2340"]
[PlyCount "61"]
[EventDate "2020.11.21"]
[EventType "team-swiss (rapid)"]
[EventRounds "7"]
[EventCountry "NET"]
[SourceTitle "CBM 199 Extra"]
[Source "ChessBase"]
[SourceDate "2021.01.31"]
[SourceVersion "1"]
[SourceVersionDate "2021.01.31"]
[SourceQuality "1"]
[WhiteTeam "Colombia"]
[BlackTeam "Ukraine"]
[WhiteTeamCountry "COL"]
[BlackTeamCountry "UKR"]

1. e4 c5 2. Nf3 e6 3. d4 cxd4 4. Nxd4 a6 5. Nc3 Qc7 6. Be3 Nf6 7. a3 b5 8. Bd3 Bb7 9. 0-0 Nc6 10. Nxc6 Bxc6 11. f4 Qb7 12. e5 Nd5 13. Nxd5 Bxd5 14. Qe2 Be7 15. Rad1 g6 16. Bd4 Rc8 17. a4 Bc4 18. axb5 axb5 19. b3 Bxd3 20. Rxd3 Qc6 21. Rc3 Qb7 22. Rxc8+ Qxc8 23. Qxb5 Qxc2 24. Qb8+ Bd8 25. Bb6 Ke7 26. Qd6+ Ke8 27. Bxd8 Kxd8 28. Ra1 Qc8 29. h3 h5 30. Kh2 Qb7 31. Ra6 1-0

[Event "COL-ch Visually disabled"]
[Site "Cartagena"]
[Date "2019.12.04"]
[Round "4.2"]
[White "Molina, Gildardo"]
[Black "Montoya Perez, Juan Rafael"]
[Result "1-0"]
[WhiteElo "2003"]
[BlackElo "1895"]
[PlyCount "83"]
[EventDate "2019.12.03"]
[EventType "swiss"]
[EventRounds "7"]
[EventCountry "COL"]
[SourceTitle "EXT 2024"]
[Source "ChessBase"]
[SourceDate "2023.10.10"]
[SourceVersion "1"]
[SourceVersionDate "2023.10.10"]
[SourceQuality "1"]

1. e4 c5 2. Nf3 d6 3. d4 cxd4 4. Nxd4 Nf6 5. Nc3 a6 6. Bg5 e6 7. f4 Be7 8. Qf3 Qc7 9. 0-0-0 Nbd7 10. g4 b5 11. Bxf6 Nxf6 12. g5 Nd7 13. f5 Nc5 14. h4 b4 15. Nce2 Bb7 16. fxe6 0-0 17. Ng3 fxe6 18. Qg4 Rf2 19. Kb1 d5 20. Nxe6 Qc8 21. Bh3 Nxe4 22. Rc1 Kh8 23. Nxe4 dxe4 24. Qg3 Rf3 25. Qe5 Bf8 26. Bg4 Rf7 27. Rhf1 Qd7 28. Nxf8 Qe7 29. Qxe7 Rxe7 30. Ne6 g6 31. Rce1 Rae8 32. Nc5 Bc6 33. Rf6 Bb5 34. Re6 Rxe6 35. Nxe6 Bd7 36. Rxe4 Kg8 37. Kc1 Bc8 38. Kd2 Kf7 39. Rf4+ Ke7 40. Rxb4 Bxe6 41. Re4 Kd6 42. Rxe6+ 1-0

[Event "COL-ch Visually disabled"]
[Site "Cartagena"]
[Date "2019.12.04"]
[Round "3.2"]
[White "Suaza, Yesid Rodrigo"]
[Black "Molina, Gildardo"]
[Result "0-1"]
[WhiteElo "1836"]
[BlackElo "2003"]
[PlyCount "80"]
[EventDate "2019.12.03"]
[EventType "swiss"]
[EventRounds "7"]
[EventCountry "COL"]
[SourceTitle "EXT 2024"]
[Source "ChessBase"]
[SourceDate "2023.10.10"]
[SourceVersion "1"]
[SourceVersionDate "2023.10.10"]
[SourceQuality "1"]

1. d4 d5 2. Bg5 c6 3. Nd2 Nd7 4. e3 Ngf6 5. Ngf3 e6 6. Bd3 Be7 7. Ne5 Nxe5 8. dxe5 Nd7 9. Bf4 b6 10. Qg4 g5 11. Nb3 c5 12. c4 gxf4 13. Qg7 Rf8 14. cxd5 exd5 15. Bb5 a6 16. Bc6 Ra7 17. Bxd5 fxe3 18. fxe3 Bh4+ 19. g3 Qg5 20. Qxh7 Qxe3+ 21. Kd1 Nxe5 22. Re1 Bg4+ 23. Kc2 Qf2+ 24. Kc3 Bf6 25. Qc2 Qxc2+ 26. Kxc2 Bf5+ 27. Be4 Bxe4+ 28. Rxe4 Rh8 29. h4 Re7 30. Nd2 Rg8 31. Nf1 Nc6 32. Rae1 Rxe4 33. Rxe4+ Kd7 34. h5 b5 35. g4 Nd4+ 36. Kb1 Re8 37. Rxe8 Kxe8 38. Nd2 c4 39. Ne4 Ke7 40. g5 Be5 0-1

[Event "COL-ch U2200"]
[Site "Villamaria"]
[Date "2019.11.01"]
[Round "1"]
[White "Pardo, Alejandro"]
[Black "Molina, Gildardo"]
[Result "1-0"]
[WhiteElo "2145"]
[BlackElo "2003"]
[PlyCount "53"]
[EventDate "2019.11.01"]
[EventType "swiss"]
[EventRounds "5"]
[EventCountry "COL"]
[SourceTitle "CBM 193 Extra"]
[Source "ChessBase"]
[SourceDate "2020.01.31"]
[SourceVersion "1"]
[SourceVersionDate "2020.01.31"]
[SourceQuality "1"]

1. d4 Nf6 2. Nf3 g6 3. c4 d5 4. Nc3 Bg7 5. cxd5 Nxd5 6. e4 Nxc3 7. bxc3 0-0 8. Be3 c5 9. Rc1 cxd4 10. cxd4 Nc6 11. d5 Ne5 12. Nxe5 Bxe5 13. Qd2 e6 14. Bc4 Qh4 15. Bd3 exd5 16. exd5 f5 17. g3 Qh3 18. Bf1 Qg4 19. f4 Bb2 20. Rc7 Bf6 21. d6 Re8 22. Be2 Qh3 23. d7 Bxd7 24. Qxd7 Bc3+ 25. Kf2 Rad8 26. Qf7+ Kh8 27. Rxc3 1-0

[Event "Cali Region-ch"]
[Site "Cali"]
[Date "2017.04.29"]
[Round "2"]
[White "Molina, Gildardo"]
[Black "Bedoya, Gustavo"]
[Result "1-0"]
[WhiteElo "2002"]
[BlackElo "1587"]
[PlyCount "63"]
[EventDate "2017.04.28"]
[EventType "swiss"]
[EventRounds "7"]
[EventCountry "COL"]
[SourceTitle "CBM 178 Extra"]
[Source "ChessBase"]
[SourceDate "2017.06.22"]
[SourceVersion "1"]
[SourceVersionDate "2017.06.22"]
[SourceQuality "1"]

1. e4 e6 2. d4 d5 3. Nc3 Nf6 4. Bg5 Be7 5. e5 Nfd7 6. h4 h6 7. Bxe7 Qxe7 8. f4 c5 9. Nb5 Na6 10. Nd6+ Kf8 11. Nf3 cxd4 12. Qxd4 Nc7 13. 0-0-0 Nb6 14. Bd3 Ne8 15. Nxe8 Qxe8 16. Kb1 Bd7 17. g4 Qe7 18. f5 Rc8 19. Rhf1 Qc5 20. Qf4 Nc4 21. Nd4 Qb6 22. Bxc4 Rxc4 23. b3 Rc7 24. fxe6 Bxe6 25. c4 Ke8 26. Nxe6 Qxe6 27. Rxd5 Qg6+ 28. Kb2 Rc6 29. Rfd1 Ke7 30. Rd7+ Ke6 31. Qd4 f6 32. Qd5# 1-0

[Event "Manizales op 26th"]
[Site "Manizales"]
[Date "2017.01.08"]
[Round "8"]
[White "Molina, Gildardo"]
[Black "Marin Ortiz, Orlando"]
[Result "1-0"]
[WhiteElo "2030"]
[BlackElo "1897"]
[PlyCount "43"]
[EventDate "2017.01.04"]
[EventType "swiss"]
[EventRounds "9"]
[EventCountry "COL"]
[SourceTitle "CBM 176 Extra"]
[Source "ChessBase"]
[SourceDate "2017.03.02"]
[SourceVersion "1"]
[SourceVersionDate "2017.03.02"]
[SourceQuality "1"]

1. e4 e5 2. Nf3 Nf6 3. d4 Nxe4 4. dxe5 d5 5. exd6 Nxd6 6. Nc3 Be7 7. Be2 Nd7 8. 0-0 0-0 9. Bf4 Nf6 10. Re1 Bf5 11. Nd4 Bg6 12. Bf3 c6 13. Bxc6 Rb8 14. Bxb7 Rxb7 15. Nc6 Qb6 16. Nxe7+ Rxe7 17. Rxe7 Nf5 18. Rc7 Bh5 19. Qd2 h6 20. Re1 g5 21. Be5 Ng4 22. Nd5 1-0

[Event "Manizales op 26th"]
[Site "Manizales"]
[Date "2017.01.06"]
[Round "4"]
[White "Molina, Gildardo"]
[Black "Muelas Ceballos, Jhon Estiven"]
[Result "0-1"]
[WhiteElo "2030"]
[BlackElo "1864"]
[PlyCount "60"]
[EventDate "2017.01.04"]
[EventType "swiss"]
[EventRounds "9"]
[EventCountry "COL"]
[SourceTitle "CBM 176 Extra"]
[Source "ChessBase"]
[SourceDate "2017.03.02"]
[SourceVersion "1"]
[SourceVersionDate "2017.03.02"]
[SourceQuality "1"]

1. e4 c5 2. Nf3 Nc6 3. d4 cxd4 4. Nxd4 Nf6 5. Nc3 e5 6. Ndb5 d6 7. Bg5 a6 8. Bxf6 gxf6 9. Na3 b5 10. Nd5 f5 11. Bd3 Be6 12. c3 Bg7 13. 0-0 Bxd5 14. exd5 Ne7 15. c4 e4 16. Be2 Bxb2 17. Nc2 Bxa1 18. Qxa1 0-0 19. cxb5 Nxd5 20. Rd1 Nf4 21. Bf1 axb5 22. Ne3 Qg5 23. g3 Ra3 24. Kh1 Nd3 25. f4 Qg7 26. Qxg7+ Kxg7 27. Rb1 Nf2+ 28. Kg1 Rxe3 29. Kxf2 Ra3 30. Rb2 Rfa8 0-1